| 000 | 00616nam a2200217 a 4500 | ||
|---|---|---|---|
| 999 |
_c3802 _d3802 |
||
| 001 | 3802 | ||
| 003 | BD-JhCC | ||
| 005 | 20171118185750.0 | ||
| 008 | 171118s19461959bg |||| ||a| 000 0 ben d | ||
| 035 | _a(BD-JhCC)3802 | ||
| 040 |
_aBD-JhCC _dBD-JhCC |
||
| 041 | _aben | ||
| 082 |
_a891.4415 _bUDD 1946 |
||
| 100 | _aউদদীন, জসীম | ||
| 245 |
_aরূপবতী / _cজসীম উদদীন |
||
| 260 |
_aঢাকা : _bসেখ মনিরুদ্দীন এন্ড কোং, _c1946. |
||
| 300 |
_a54 p. : _c21 cm. |
||
| 650 | _aBengali Poems | ||
| 942 |
_2ddc _cBK |
||